| Tag |
First Indicator |
Second Indicator |
Subfields |
| LEADER |
00000cam a2200000 4500 |
| 001 |
in00000049718 |
| 005 |
20151007073726.0 |
| 008 |
730625s1973 nyu 00001 eng |
| 010 |
|
|
|a 72096269
|
| 020 |
|
|
|a 0385020201
|c $4.95
|
| 035 |
|
|
|a (OCoLC)00666882
|
| 035 |
|
|
|9 AAF0260AM
|
| 040 |
|
|
|a DLC
|c DLC
|d TXA
|d UtOrBLW
|
| 049 |
|
|
|a TXAM [Also in] [Sp Coll]
|c 1 [1236729]
|a TXAS
|c 2 [1700619]
|
| 050 |
0 |
0 |
|a PZ4.Z456
|b To
|a PS3576.E43
|
| 082 |
0 |
|
|a 813/.5/4
|
| 090 |
|
|
|a PS3576.E43
|b T6 1973
|
| 100 |
1 |
|
|a Zelazny, Roger.
|
| 245 |
1 |
0 |
|a To die in Italbar.
|
| 264 |
|
1 |
|a Garden City, N.Y. :
|b Doubleday,
|c [1973]
|
| 264 |
|
4 |
|c ©1973
|
| 300 |
|
|
|a 182 pages ;
|c 22 cm.
|
| 336 |
|
|
|a text
|b txt
|2 rdacontent
|
| 337 |
|
|
|a unmediated
|b n
|2 rdamedia
|
| 338 |
|
|
|a volume
|b nc
|2 rdacarrier
|
| 490 |
1 |
|
|a Doubleday science fiction
|
| 830 |
|
0 |
|a Doubleday science fiction.
|
| 999 |
|
|
|a MARS
|
| 999 |
f |
f |
|s 09a96f8d-2c16-335d-bb98-a7c819a093e5
|i 9d32fb83-9f1e-316e-b707-3f3703f525b2
|t 0
|
| 952 |
f |
f |
|p normal
|a Texas A&M University
|b College Station
|c Sterling C. Evans Library
|s Evans stk
|d Evans: Library Stacks
|t 0
|e PS3576.E43 T6 1973
|h Library of Congress classification
|i unmediated -- volume
|m A14804341031
|
| 998 |
f |
f |
|a PS3576.E43 T6 1973
|t 0
|l Evans: Library Stacks
|